000 00479nam a2200193 a 4500
001 1771566771292
003 YourLibrary
005 20260220113015.0
008 260220s2008##################000#0#eng##
020 _a9780262693639
082 0 4 _a336.205
_bSLE
100 1 _aSlemrod, Joel,
_eauthor.
245 1 0 _aTaxing Ourselves :
260 _c2008.
300 _a404 pages
650 0 _aBusiness & Economics.
942 _cENGLISH
040 _aYourLibrary
_beng
_cYourLibrary
999 _c613589
_d613589